00682nam a2200193Ia 4500001000600000003000500006008004100011010001100052040000900063100003600072245012500108260004100233300001100274440000500285502008000290503000500370650007500375650003800450Z_425CHAP220113s1973 xx 000 0 und d a163401 cCHAP aGeymonat Félix, Oscar Roberto aEstudios de algunos aspectos de las explotaciones lecheras en la Comarca Lagunera /cpor Oscar Roberto Gaymonat Félix aChapingo, Méx. :bEl autor,c1973 a168 h. a aTesis (Ing. Agrónomo Esp. en Zootecnia) -- ENA. Departamento de Zootecnia a aComarca laguneraxGanadería I. ENA. Departamento de Zootecnia II. t. aGanado lecheroxComarca lagunera